Statistiques concernant Films avec Louis de Funès et Claude Gensac

Cliquez ici pour prendre le quiz!

Statistiques générales

  • Ce quiz a été pris 189 fois
  • Le résultat moyen est 6 sur 10

Statistiques - réponses

Films% Correct
L'Avare
79%
Hibernatus
73%
L'Aile ou la Cuisse
71%
Le Gendarme se marie
68%
Le Gendarme et les Gendarmettes
60%
Oscar
55%
Le Gendarme en balade
52%
La Soupe aux choux
44%
Jo
37%
Les Grandes Vacances
36%

Distribution des résultats

Percentile par nombre de réponses

% des personnes avec chaque résultat

Votre développement - résultats

Vous n’avez pas pris ce quiz